000 01197naa a22003137a 4500
001 BR7405378
003 BR-BrBNA
005 20240918173614.0
007 ta
008 230509b bl.||||| |||| 00| 0 por d
040 _aBR-BrBNA
_bpor
_cBiblioteca Nacional de Agricultura
041 _a(Pt)
072 _aL30
_b5214
_b1910
090 _aL30 BR7405378
100 1 _aLima, C.R.
100 1 _aDusi, G.A.
111 1 _a11. Reuniao da Sociedade Brasileira de Zootecnia
_cFortaleza, CE (Brazil)
_d22 Jul 1974
245 1 _aConfinamento de novilhas leiteiras mesticas na epoca seca [Nutricao animal; Pastagem; Ganho de peso]
260 3 _aFortaleza, CE (Brasil):
_bUniversidade Federal do Ceara,
_c1974.
500 _aAnais da 11. Reuniao da Sociedade Brasileira de Zootecnia Fortaleza, CE (Brasil): Universidade Federal do Ceara, 1974. p. 57-58 (BR7405378-AM)L30
650 _aNutricao animal
650 _aGado leiteiro
650 _aConfinamento
650 _aPeso
650 _aPastagem
773 0 _tAnais da 11. Reuniao da Sociedade Brasileira de Zootecnia
_wL30 BR7405378
_gFortaleza, CE (Brasil), 1974. p. 57-58
909 _a202404
_bLucia
_c55
_dLucia Elande
942 _cAM
_2AGRIS
999 _c305714
_d305714